[Event "Transnational Crown"]
[Site "Montreal CAN"]
[Date "2023.06.10"]
[Round "7.19"]
[White "Cervantes Landeiro, Thalia"]
[Black "Demchenko, Svitlana"]
[Result "1-0"]
[WhiteElo "2271"]
[BlackElo "2173"]
[PlyCount "71"]
[EventDate "2023.06.06"]
[EventType "swiss"]
[EventRounds "9"]
[EventCountry "CAN"]

1. d4 d5 2. c4 e6 3. Nc3 h6 4. Bf4 Bd6 5. Bxd6 Qxd6 6. e3 Nf6 7. Nf3 O-O 8.
cxd5 exd5 9. Bd3 Re8 10. h3 a6 11. O-O Nbd7 12. Qc2 c5 13. dxc5 Nxc5 14. Rfd1
Be6 15. Rac1 Rac8 16. Bf1 Qb6 17. Nd4 Nce4 18. Qb3 Qxb3 19. axb3 Kf8 20. f3 Nc5
21. b4 Ncd7 22. Ra1 Nb6 23. b5 axb5 24. Ncxb5 Re7 25. Ra7 Nc4 26. Rc1 b6 27.
Ra6 Bd7 28. e4 Bxb5 29. Nxb5 Rc5 30. exd5 Rxb5 31. Bxc4 Rxb2 32. d6 Re5 33.
Ra8+ Re8 34. Ra7 Rd8 35. Rxf7+ Ke8 36. Re1+ 1-0

[Event "Transnational Crown"]
[Site "Montreal CAN"]
[Date "2023.06.10"]
[Round "7.20"]
[White "Dukic, Zachary"]
[Black "Kantane, Anna"]
[Result "0-1"]
[WhiteElo "2151"]
[BlackElo "2260"]
[PlyCount "106"]
[EventDate "2023.06.06"]
[EventType "swiss"]
[EventRounds "9"]
[EventCountry "CAN"]

1. e4 c5 2. Nf3 e6 3. d4 cxd4 4. Nxd4 Nc6 5. Nc3 Qc7 6. Be3 a6 7. g4 Na5 8. Be2
b5 9. Bf4 d6 10. Bxb5+ axb5 11. Ndxb5 Qc6 12. Nxd6+ Bxd6 13. Qxd6 Qxd6 14. Bxd6
Nc4 15. O-O-O Nxd6 16. Rxd6 Nf6 17. Rhd1 O-O 18. f3 e5 19. Rd8 Be6 20. Rxa8
Rxa8 21. b3 h5 22. gxh5 Nxh5 23. Kb2 f5 24. exf5 Bxf5 25. Rd5 Re8 26. a4 Nf4
27. Rc5 Bh3 28. Ne4 Bg2 29. Nd2 Kf7 30. a5 Ne2 31. c3 Bh1 32. Rd5 Ng1 33. Rd3
Ke6 34. b4 Rf8 35. b5 Nxf3 36. Ne4 Nh4 37. Nc5+ Kf5 38. b6 e4 39. Rd1 Bf3 40.
Ra1 e3 41. a6 e2 42. Nd7 Rd8 43. b7 Ng2 44. b8=Q Rxb8+ 45. Nxb8 e1=Q 46. Rxe1
Nxe1 47. Nd7 g5 48. a7 g4 49. Kc1 Bc6 50. Kd2 Nf3+ 51. Ke3 Nxh2 52. Nb6 g3 53.
a8=Q Ng4+ 0-1

[Event "Transnational Crown"]
[Site "Montreal CAN"]
[Date "2023.06.10"]
[Round "7.21"]
[White "Plotkin, Victor"]
[Black "Song, Edward"]
[Result "0-1"]
[WhiteElo "2170"]
[BlackElo "2375"]
[PlyCount "116"]
[EventDate "2023.06.06"]
[EventType "swiss"]
[EventRounds "9"]
[EventCountry "CAN"]

1. e4 Na6 2. d4 c6 3. Nf3 g6 4. c4 Bg7 5. Nc3 d6 6. Be2 Nf6 7. h3 O-O 8. Be3 e5
9. dxe5 dxe5 10. Qxd8 Rxd8 11. O-O Re8 12. Rfd1 Bf8 13. Bd3 Nc5 14. Bc2 a5 15.
a3 Na6 16. Na4 Nd7 17. Rab1 f6 18. Nd2 Nac5 19. Nxc5 Bxc5 20. Bxc5 Nxc5 21. b4
axb4 22. axb4 Ne6 23. c5 Nd4 24. Bd3 Be6 25. Ra1 Kf7 26. Bc4 Nc2 27. Rac1 Nd4
28. Ra1 Red8 29. Bxe6+ Kxe6 30. Nc4 Rxa1 31. Rxa1 Nc2 32. Ra7 Rd1+ 33. Kh2 Rd4
34. Nd6 b5 35. Rxh7 Nxb4 36. Rc7 Rxd6 37. cxd6 Kxd6 38. Rb7 Nd3 39. Kg1 Nc5 40.
Rb8 Nxe4 41. h4 Kd5 42. g4 Kc4 43. f3 Nd6 44. Rd8 Kc5 45. Kf2 b4 46. Ke2 b3 47.
Kd3 f5 48. h5 gxh5 49. gxh5 e4+ 50. fxe4 fxe4+ 51. Kc3 e3 52. Rg8 Ne4+ 53. Kxb3
e2 54. Rg1 Nd2+ 55. Kc2 Nf1 56. Rg5+ Kd6 57. Rg6+ Ke7 58. Rg7+ Kf8 0-1

[Event "Transnational Crown"]
[Site "Montreal CAN"]
[Date "2023.06.10"]
[Round "7.22"]
[White "Lawson, Eric"]
[Black "Andersen, Gunnar"]
[Result "1/2-1/2"]
[WhiteElo "2217"]
[BlackElo "2283"]
[PlyCount "74"]
[EventDate "2023.06.06"]
[EventType "swiss"]
[EventRounds "9"]
[EventCountry "CAN"]

1. e4 c5 2. Nf3 Nc6 3. d4 cxd4 4. Nxd4 e5 5. Nb5 d6 6. c4 Be6 7. N1c3 a6 8. Na3
Nf6 9. Be2 g6 10. Be3 Bg7 11. O-O O-O 12. Qd2 Rc8 13. Nc2 Ne7 14. Na3 Nc6 15.
Rfd1 Nd4 16. f3 Nh5 17. Nd5 Bxd5 18. cxd5 f5 19. Bd3 fxe4 20. Bxe4 Nf6 21. Kh1
Nxe4 22. fxe4 Qh4 23. Qd3 Bh6 24. Bg1 b5 25. Rf1 Qg4 26. Bxd4 exd4 27. Nc2 Bg7
28. h3 Qg5 29. Nxd4 Rxf1+ 30. Rxf1 Rc1 31. Ne6 Qg3 32. Qe2 Be5 33. Kg1 Qh2+ 34.
Kf2 Qg3+ 35. Kg1 Qh2+ 36. Kf2 Qg3+ 37. Kg1 Qh2+ 1/2-1/2

[Event "Transnational Crown"]
[Site "Montreal CAN"]
[Date "2023.06.10"]
[Round "7.23"]
[White "Hua, Eugene"]
[Black "Golubeva, Oksana"]
[Result "1-0"]
[WhiteElo "2275"]
[BlackElo "2179"]
[PlyCount "135"]
[EventDate "2023.06.06"]
[EventType "swiss"]
[EventRounds "9"]
[EventCountry "CAN"]

1. d4 Nf6 2. Nf3 d5 3. Bf4 c5 4. e3 Nc6 5. c3 Qb6 6. Qb3 c4 7. Qc2 Bf5 8. Qc1
e6 9. h3 h6 10. Nbd2 Qd8 11. b3 b5 12. Ne5 Nxe5 13. Bxe5 Be7 14. a4 a6 15. Be2
O-O 16. O-O Bd6 17. axb5 Bxe5 18. dxe5 Nd7 19. bxa6 cxb3 20. Nxb3 Nxe5 21. Nd4
Be4 22. f4 Nd3 23. Qd1 Nc5 24. Nc6 Qb6 25. Nb4 Qd6 26. Rf2 Rfc8 27. Ra3 Bg6 28.
Qd4 Ne4 29. Rf1 Ng3 30. Re1 f6 31. Kh2 Nxe2 32. Rxe2 Rc4 33. Qd2 h5 34. Re1 Be4
35. Rd1 Qc5 36. Rda1 Ra7 37. Ra5 Qc7 38. R5a3 Kh7 39. Nd3 g5 40. Rb3 Kh6 41.
Kh1 g4 42. hxg4 hxg4 43. Kg1 Qh7 44. Ne1 Kg6 45. Qf2 Rc6 46. Rba3 Qh5 47. Qg3
Kf5 48. Kf2 Rb6 49. R3a2 Rb1 50. Rxb1 Bxb1 51. Ra5 Qh1 52. c4 Be4 53. c5 e5 54.
c6 Rc7 55. a7 Rxc6 56. a8=Q Bd3 57. e4+ dxe4 58. Rxe5+ fxe5 59. Qf8+ Rf6 60.
Qc8+ Re6 61. Nxd3 Qd1 62. Nxe5 e3+ 63. Qxe3 g3+ 64. Qxg3 Qd4+ 65. Qe3 Qb2+ 66.
Kg1 Qb1+ 67. Kh2 Kf6 68. Qf8# 1-0

[Event "Transnational Crown"]
[Site "Montreal CAN"]
[Date "2023.06.10"]
[Round "7.24"]
[White "Ouellet, Maili-Jade"]
[Black "Xu, Daniel"]
[Result "0-1"]
[WhiteElo "2243"]
[BlackElo "2276"]
[PlyCount "158"]
[EventDate "2023.06.06"]
[EventType "swiss"]
[EventRounds "9"]
[EventCountry "CAN"]

1. d4 Nf6 2. c4 g6 3. Nc3 Bg7 4. e4 d6 5. h3 O-O 6. Be3 e5 7. d5 Na6 8. g4 Nc5
9. f3 a5 10. Nge2 c6 11. Qd2 cxd5 12. cxd5 a4 13. Nc1 Bd7 14. Nd3 Nxd3+ 15.
Bxd3 Qa5 16. a3 Rfc8 17. O-O-O b5 18. Kb1 b4 19. Na2 bxa3 20. Qxa5 Rxa5 21.
bxa3 Bb5 22. Rh2 Rb8 23. Rb2 Nxd5 24. Bc1 Bxd3+ 25. Rxd3 Rxb2+ 26. Bxb2 Nf4 27.
Rxd6 h5 28. h4 Ng2 29. gxh5 gxh5 30. Rd8+ Kh7 31. Rd7 Nxh4 32. f4 f6 33. Nb4
Ng6 34. Nd5 Ra6 35. f5 Nf8 36. Rb7 h4 37. Bc1 Rc6 38. Ne3 Kh8 39. Ng4 Rc3 40.
Rb2 Rg3 41. Nf2 Rxa3 42. Re2 Rb3+ 43. Ka2 Nd7 44. Be3 Nb6 45. Bxb6 Rxb6 46. Ng4
Rb3 47. Rh2 h3 48. Nf2 Bh6 49. Nxh3 Kg7 50. Nf2 Bf4 51. Rg2+ Kf7 52. Ng4 Rb4
53. Re2 Bg5 54. Ka3 Rd4 55. Kb2 Ke7 56. Kc3 Kd6 57. Nf2 Kc6 58. Nd3 Kb5 59.
Rb2+ Kc6 60. Re2 a3 61. Nf2 Kb5 62. Nd3 Ra4 63. Kb3 a2 64. Rxa2 Rxa2 65. Kxa2
Kc4 66. Ne1 Bf4 67. Kb2 Kd4 68. Kc2 Kxe4 69. Kc3 Kxf5 70. Kd3 Kg4 71. Ke2 e4
72. Nc2 f5 73. Nb4 Bd6 74. Nd5 f4 75. Nf6+ Kf5 76. Nd5 Bc5 77. Nc3 f3+ 78. Kf1
e3 79. Nd5 Bd4 0-1

[Event "Transnational Crown"]
[Site "Montreal CAN"]
[Date "2023.06.10"]
[Round "7.26"]
[White "Nunez-Painchaud, Raphael"]
[Black "Liang, Jason"]
[Result "0-1"]
[WhiteElo "2098"]
[BlackElo "2527"]
[PlyCount "198"]
[EventDate "2023.06.06"]
[EventType "swiss"]
[EventRounds "9"]
[EventCountry "CAN"]

1. c4 e6 2. g3 d5 3. Nf3 dxc4 4. Qa4+ Nd7 5. Bg2 a6 6. Qxc4 b5 7. Qc6 Rb8 8.
O-O Bb7 9. Qc2 c5 10. d3 Bd6 11. a4 Ngf6 12. axb5 axb5 13. Nc3 Qb6 14. Be3 O-O
15. h3 Rfc8 16. Rfc1 Nd5 17. Nxd5 exd5 18. Qd2 d4 19. Bf4 Ra8 20. Bxd6 Qxd6 21.
Ra5 Qb6 22. Rxa8 Rxa8 23. b4 Rd8 24. bxc5 Nxc5 25. Rb1 Na4 26. Qb4 Nc3 27. Rb2
Bxf3 28. Bxf3 g6 29. Kg2 h5 30. e3 h4 31. exd4 Qxd4 32. gxh4 Qf6 33. Rc2 Rxd3
34. Qg4 b4 35. Rb2 Rd4 36. Qg5 Kg7 37. Qxf6+ Kxf6 38. h5 g5 39. Bb7 Kg7 40. Bc6
Kh6 41. Bf3 f6 42. Kg3 Ne4+ 43. Kg2 Rd2 44. Rb3 Nxf2 45. Kg3 f5 46. Kg2 Nd3+
47. Kg1 Ne5 48. Bb7 Rd4 49. Re3 Nc4 50. Re6+ Kxh5 51. Bf3+ g4 52. Be2 Nd6 53.
Kf2 b3 54. Ke3 Rd5 55. hxg4+ fxg4 56. Bd3 Nf5+ 57. Kd2 g3 58. Kc3 g2 59. Re1
Nh4 60. Rg1 Rg5 61. Be4 Rg3+ 62. Kb2 Kg5 63. Bxg2 Nxg2 64. Rc1 Kf4 65. Rc3 Ne3
66. Kxb3 Ke4 67. Rc8 Nd5+ 68. Kb2 Kd4 69. Rd8 Rg2+ 70. Kb3 Kc5 71. Rc8+ Kd4 72.
Rd8 Rg6 73. Rh8 Rb6+ 74. Kc2 Ne3+ 75. Kd2 Rb2+ 76. Ke1 Ng2+ 77. Kd1 Nf4 78.
Rd8+ Nd5 79. Ke1 Rh2 80. Ra8 Nf4 81. Rd8+ Ke4 82. Re8+ Kf3 83. Kd1 Rg2 84. Re7
Nd5 85. Re8 Ne3+ 86. Kc1 Rc2+ 87. Kb1 Rd2 88. Rf8+ Ke2 89. Rh8 Rd6 90. Kb2 Kd3
91. Rh3 Rb6+ 92. Ka3 Kd4 93. Rg3 Nc2+ 94. Ka2 Kc4 95. Rh3 Nb4+ 96. Ka3 Nd3 97.
Ka2 Kc3 98. Rh8 Nc1+ 99. Ka1 Nb3+ 0-1

[Event "Transnational Crown"]
[Site "Montreal CAN"]
[Date "2023.06.11"]
[Round "8.2"]
[White "Kantans, Toms"]
[Black "Bosiocic, Marin"]
[Result "1-0"]
[WhiteElo "2486"]
[BlackElo "2543"]
[PlyCount "65"]
[EventDate "2023.06.06"]
[EventType "swiss"]
[EventRounds "9"]
[EventCountry "CAN"]

1. e4 c6 2. d4 d5 3. e5 Bf5 4. Nd2 e6 5. Nb3 Nd7 6. Be3 Qc7 7. Nf3 f6 8. Bf4
fxe5 9. Nxe5 Bd6 10. Qh5+ g6 11. Qe2 Ngf6 12. Nxd7 Qxd7 13. Be5 O-O 14. f3 g5
15. Qd2 Bxe5 16. dxe5 Ne8 17. Qxg5+ Ng7 18. O-O-O Rac8 19. g4 Bg6 20. h4 Rxf3
21. Nd2 Rf2 22. h5 Bxc2 23. Kxc2 c5 24. h6 c4 25. Qxg7+ Qxg7 26. hxg7 Rc7 27.
Bh3 b5 28. Rdf1 Re2 29. Re1 Rf2 30. Kd1 b4 31. Ref1 Rxf1+ 32. Rxf1 Kxg7 33. Nf3
1-0

[Event "Transnational Crown"]
[Site "Montreal CAN"]
[Date "2023.06.11"]
[Round "8.4"]
[White "Moradiabadi, Elshan"]
[Black "Bruzon Batista, Lazaro"]
[Result "1/2-1/2"]
[WhiteElo "2520"]
[BlackElo "2617"]
[PlyCount "21"]
[EventDate "2023.06.06"]
[EventType "swiss"]
[EventRounds "9"]
[EventCountry "CAN"]

1. e4 e5 2. Nf3 Nc6 3. Bb5 Nf6 4. O-O Nxe4 5. Re1 Nd6 6. Nxe5 Be7 7. Bf1 Nxe5
8. Rxe5 O-O 9. d4 Bf6 10. Re1 Re8 11. c3 1/2-1/2

[Event "Transnational Crown"]
[Site "Montreal CAN"]
[Date "2023.06.11"]
[Round "8.6"]
[White "Heimann, Mark"]
[Black "Neiksans, Arturs"]
[Result "1-0"]
[WhiteElo "2426"]
[BlackElo "2605"]
[PlyCount "83"]
[EventDate "2023.06.06"]
[EventType "swiss"]
[EventRounds "9"]
[EventCountry "CAN"]

1. e4 c5 2. Nf3 e6 3. d4 cxd4 4. Nxd4 a6 5. Bd3 Bc5 6. Nb3 Ba7 7. Qg4 Nf6 8.
Qg3 d6 9. Nc3 Nc6 10. Bd2 b5 11. a3 Ne5 12. Be2 Ng6 13. h4 h5 14. O-O-O Bb7 15.
Bg5 Qc7 16. Rxd6 Rc8 17. Rhd1 O-O 18. Bxf6 gxf6 19. Bxh5 Bxe4 20. Bxg6 fxg6 21.
Rxe6 Qxg3 22. fxg3 Bxg2 23. Rxa6 Bf2 24. Rd3 Rc4 25. Nd1 Be4 26. Nxf2 Bxd3 27.
Nxd3 Rg4 28. Nbc5 Rf7 29. Nf4 Rxg3 30. h5 g5 31. Nd5 Kg7 32. Ne4 Rg1+ 33. Kd2
g4 34. Ndxf6 g3 35. Ra8 Re7 36. h6+ Kg6 37. h7 Rd1+ 38. Kxd1 g2 39. Rg8+ Rg7
40. h8=N+ Kh6 41. Nf7+ Kg6 42. Ne5+ 1-0

[Event "Transnational Crown"]
[Site "Montreal CAN"]
[Date "2023.06.11"]
[Round "8.8"]
[White "Ortiz Suarez, Isan Reynaldo"]
[Black "Almeida Quintana, Omar"]
[Result "1/2-1/2"]
[WhiteElo "2503"]
[BlackElo "2520"]
[PlyCount "27"]
[EventDate "2023.06.06"]
[EventType "swiss"]
[EventRounds "9"]
[EventCountry "CAN"]

1. d4 d6 2. Nf3 Nf6 3. Bf4 g6 4. e3 Bg7 5. h3 O-O 6. Nbd2 b6 7. Be2 Bb7 8. O-O
Nbd7 9. c3 c5 10. a4 a6 11. Bh2 Ne4 12. Nxe4 Bxe4 13. Nd2 Bb7 14. Bf3 1/2-1/2

[Event "Transnational Crown"]
[Site "Montreal CAN"]
[Date "2023.06.11"]
[Round "8.9"]
[White "Vidyarthi, Vyom"]
[Black "Szabo, Gergely-Andras-Gyul"]
[Result "1/2-1/2"]
[WhiteElo "2436"]
[BlackElo "2504"]
[PlyCount "102"]
[EventDate "2023.06.06"]
[EventType "swiss"]
[EventRounds "9"]
[EventCountry "CAN"]

1. Nf3 Nf6 2. c4 g6 3. d4 Bg7 4. g3 O-O 5. Bg2 d5 6. cxd5 Nxd5 7. O-O Nb6 8.
Nc3 Nc6 9. Bf4 Bg4 10. d5 Bxf3 11. Bxf3 Ne5 12. Bg2 h6 13. h4 Qd7 14. Rc1 Rac8
15. Qb3 c5 16. dxc6 Nxc6 17. Nb5 Na5 18. Qb4 Nc6 19. Qe4 Rfd8 20. Be3 Nd5 21.
Rfd1 e6 22. Nc3 f5 23. Qa4 Qf7 24. Nxd5 exd5 25. Rc5 d4 26. Bxc6 Rxc6 27. Rxc6
bxc6 28. Qxc6 Kh7 29. Qa4 Qe7 30. Qa5 Re8 31. Bxd4 Qxe2 32. Qd2 Qxd2 33. Rxd2
Rd8 34. Bc3 Rxd2 35. Bxd2 Bxb2 36. Be3 a6 37. Kf1 Kg7 38. Ke2 Bc3 39. a4 h5 40.
Kd3 Be1 41. Kc4 Kf6 42. Kd5 f4 43. Bxf4 Bxf2 44. a5 Be1 45. Bc7 Kf5 46. Kc6 g5
47. hxg5 Kxg5 48. Kb6 Kg4 49. Kxa6 Bxa5 50. Kxa5 h4 51. gxh4 Kxh4 1/2-1/2

[Event "Transnational Crown"]
[Site "Montreal CAN"]
[Date "2023.06.11"]
[Round "8.10"]
[White "Woodward, Andy"]
[Black "Han, Johnathan"]
[Result "1/2-1/2"]
[WhiteElo "2466"]
[BlackElo "2140"]
[PlyCount "51"]
[EventDate "2023.06.06"]
[EventType "swiss"]
[EventRounds "9"]
[EventCountry "CAN"]

1. d4 Nf6 2. c4 e6 3. g3 d5 4. Nf3 Be7 5. Bg2 O-O 6. O-O dxc4 7. Qc2 c6 8. a4
b6 9. Rd1 Bb7 10. Ne5 Qc8 11. Qxc4 c5 12. Bxb7 Qxb7 13. dxc5 Bxc5 14. b4 Be7
15. b5 Nfd7 16. Nc6 Bf6 17. Ra2 Nc5 18. Na5 bxa5 19. Qxc5 Rc8 20. Qd6 Nd7 21.
Bb2 Bxb2 22. Rxb2 Nb6 23. Rbd2 h6 24. Rd4 Qc7 25. Qxc7 Rxc7 26. Nd2 1/2-1/2

[Event "Transnational Crown"]
[Site "Montreal CAN"]
[Date "2023.06.11"]
[Round "8.11"]
[White "Lee, Alice"]
[Black "Msellek, Ilyass"]
[Result "1/2-1/2"]
[WhiteElo "2390"]
[BlackElo "2405"]
[PlyCount "30"]
[EventDate "2023.06.06"]
[EventType "swiss"]
[EventRounds "9"]
[EventCountry "CAN"]

1. d4 Nf6 2. c4 g6 3. Nc3 Bg7 4. e4 d6 5. Nf3 O-O 6. Be2 e5 7. O-O Bg4 8. Be3
Bxf3 9. Bxf3 exd4 10. Bxd4 Nc6 11. Be3 Re8 12. Rc1 Nd7 13. Qc2 Nd4 14. Bxd4
Bxd4 15. Rfd1 Bg7 1/2-1/2

[Event "Transnational Crown"]
[Site "Montreal CAN"]
[Date "2023.06.11"]
[Round "8.12"]
[White "Kantane, Anna"]
[Black "Lenderman, Alexandr"]
[Result "0-1"]
[WhiteElo "2260"]
[BlackElo "2566"]
[PlyCount "62"]
[EventDate "2023.06.06"]
[EventType "swiss"]
[EventRounds "9"]
[EventCountry "CAN"]

1. e4 c5 2. Nf3 Nc6 3. d4 cxd4 4. Nxd4 e5 5. Nb5 d6 6. a4 a6 7. N5c3 Nf6 8. Bg5
Be7 9. Bxf6 Bxf6 10. Nd5 O-O 11. Nbc3 Be6 12. Be2 Nd4 13. O-O g6 14. a5 Rc8 15.
Bd3 Bg7 16. Nb6 Rc5 17. Qd2 Qh4 18. Ncd5 Nf3+ 19. gxf3 Bh6 20. Ne3 Bf4 21. Rfe1
Qh3 22. Red1 Bxh2+ 23. Kh1 Bf4+ 24. Kg1 g5 25. Qe1 Kh8 26. Nf1 g4 27. Ng3 gxf3
28. Bf1 Qg4 29. Ra3 Rxc2 30. Rdd3 Bxg3 31. Rxf3 Bxf2+ 0-1

[Event "Transnational Crown"]
[Site "Montreal CAN"]
[Date "2023.06.11"]
[Round "8.13"]
[White "Cruz, Cristhian"]
[Black "Krishnan, Varun"]
[Result "1/2-1/2"]
[WhiteElo "2522"]
[BlackElo "2378"]
[PlyCount "63"]
[EventDate "2023.06.06"]
[EventType "swiss"]
[EventRounds "9"]
[EventCountry "CAN"]

1. c4 e6 2. Nf3 d5 3. e3 Nf6 4. Nc3 c5 5. d4 Nc6 6. a3 a6 7. Bd3 dxc4 8. Bxc4
b5 9. Ba2 Bb7 10. O-O Bd6 11. dxc5 Bxc5 12. b4 Bd6 13. Bb2 O-O 14. Rc1 Ne5 15.
Nxe5 Bxe5 16. Qe2 Qe7 17. Rfd1 Rac8 18. h3 Rc6 19. Na4 Bxb2 20. Nxb2 Rfc8 21.
Rxc6 Rxc6 22. Qd2 g6 23. Bb3 Kg7 24. Qd4 Qc7 25. Nd3 Rd6 26. Qa1 a5 27. Nc5
Rxd1+ 28. Bxd1 Bd5 29. Be2 Bc6 30. Nb3 axb4 31. axb4 e5 32. Qc3 1/2-1/2

[Event "Transnational Crown"]
[Site "Montreal CAN"]
[Date "2023.06.11"]
[Round "8.16"]
[White "Posthuma, Joshua"]
[Black "Cervantes Landeiro, Thalia"]
[Result "1-0"]
[WhiteElo "2457"]
[BlackElo "2271"]
[PlyCount "87"]
[EventDate "2023.06.06"]
[EventType "swiss"]
[EventRounds "9"]
[EventCountry "CAN"]

1. d4 d5 2. Nf3 Nf6 3. c4 dxc4 4. Qa4+ c6 5. Qxc4 Bf5 6. g3 e6 7. Bg2 Be7 8.
O-O O-O 9. e3 Nbd7 10. Qe2 h6 11. Rd1 Qc7 12. Nbd2 e5 13. e4 Bg4 14. h3 Be6 15.
b3 Rfe8 16. Bb2 exd4 17. Nxd4 Bc5 18. Rac1 Bb6 19. f4 Bd5 20. Qd3 Be6 21. Kh2
Rad8 22. e5 Nxe5 23. fxe5 Qxe5 24. Nxe6 Qxe6 25. Qc4 Qe3 26. Bxf6 Rxd2 27. Rxd2
Qxd2 28. Qg4 g5 29. Rf1 Bc7 30. h4 Qe2 31. Qxe2 Rxe2 32. hxg5 hxg5 33. Rf5 Rxa2
34. Rxg5+ Kf8 35. Kh1 Ra5 36. Rg4 Rf5 37. Bg7+ Ke7 38. Re4+ Kd8 39. Bh3 Rf2 40.
Bd4 Rf3 41. Bg4 f5 42. Bf6+ Kc8 43. Re8+ Kd7 44. Re7+ 1-0

[Event "Transnational Crown"]
[Site "Montreal CAN"]
[Date "2023.06.11"]
[Round "8.17"]
[White "Tanaka, Tyler"]
[Black "Jaferian, Koosha"]
[Result "1/2-1/2"]
[WhiteElo "2315"]
[BlackElo "2201"]
[PlyCount "34"]
[EventDate "2023.06.06"]
[EventType "swiss"]
[EventRounds "9"]
[EventCountry "CAN"]

1. d4 Nf6 2. c4 e6 3. Nc3 Bb4 4. e3 O-O 5. Bd3 d5 6. Nf3 dxc4 7. Bxc4 c5 8. O-O
cxd4 9. exd4 b6 10. Bg5 h6 11. Bh4 Bb7 12. Qe2 Nbd7 13. Ne5 Nxe5 14. dxe5 Qd4
15. Bg3 Ne4 16. Nxe4 Qxe4 17. Qxe4 Bxe4 1/2-1/2

[Event "Transnational Crown"]
[Site "Montreal CAN"]
[Date "2023.06.11"]
[Round "8.19"]
[White "Zheng, Richard"]
[Black "Hua, Eugene"]
[Result "0-1"]
[WhiteElo "2192"]
[BlackElo "2275"]
[PlyCount "70"]
[EventDate "2023.06.06"]
[EventType "swiss"]
[EventRounds "9"]
[EventCountry "CAN"]

1. d4 Nf6 2. Bg5 Ne4 3. h4 c6 4. Nd2 Qa5 5. Ngf3 d5 6. Bf4 Bf5 7. c3 Nd7 8. e3
Ndf6 9. Nxe4 Nxe4 10. Nd2 Nxd2 11. Qxd2 e6 12. h5 h6 13. a4 Qd8 14. Bd3 Bxd3
15. Qxd3 Bd6 16. Bxd6 Qxd6 17. O-O Qe7 18. Qe2 Qh4 19. b4 O-O 20. f4 f5 21. Qf3
a5 22. Rfb1 Ra7 23. Qe2 axb4 24. cxb4 Rfa8 25. Qd1 Qg3 26. Ra3 Kh7 27. Rba1 Rg8
28. Qe1 Qg4 29. Qd1 Qh4 30. b5 g5 31. hxg6+ Rxg6 32. Rc3 Ra8 33. Rc2 Rag8 34.
Raa2 Rg3 35. Rf2 Rh3 0-1

[Event "Transnational Crown"]
[Site "Montreal CAN"]
[Date "2023.06.11"]
[Round "8.21"]
[White "Xu, Daniel"]
[Black "Andersen, Gunnar"]
[Result "0-1"]
[WhiteElo "2276"]
[BlackElo "2283"]
[PlyCount "52"]
[EventDate "2023.06.06"]
[EventType "swiss"]
[EventRounds "9"]
[EventCountry "CAN"]

1. e4 c5 2. Nf3 Nc6 3. d4 cxd4 4. Nxd4 e5 5. Nb5 d6 6. N1c3 a6 7. Na3 Be6 8.
Nc4 Rb8 9. Nd5 Nf6 10. Nxf6+ Qxf6 11. Be3 Rd8 12. Nb6 Qg6 13. f3 d5 14. Nxd5
Bxd5 15. exd5 Nb4 16. Rc1 Nxd5 17. Qe2 Be7 18. Bd2 O-O 19. g3 Rfe8 20. Qe4 f5
21. Qc4 e4 22. f4 Kh8 23. Bg2 Qb6 24. Qb3 Qd4 25. Rd1 Nxf4 26. Bf1 e3 0-1

[Event "Transnational Crown"]
[Site "Montreal CAN"]
[Date "2023.06.11"]
[Round "8.22"]
[White "Johnson, Donald"]
[Black "Lawson, Eric"]
[Result "1/2-1/2"]
[WhiteElo "2160"]
[BlackElo "2217"]
[PlyCount "129"]
[EventDate "2023.06.06"]
[EventType "swiss"]
[EventRounds "9"]
[EventCountry "CAN"]

1. e4 c5 2. Nf3 Nc6 3. d4 cxd4 4. Nxd4 Nf6 5. Nc3 d6 6. Bg5 e6 7. Qd3 a6 8.
Nxc6 bxc6 9. O-O-O Qa5 10. Qg3 d5 11. Bxf6 gxf6 12. Qf3 Bg7 13. exd5 cxd5 14.
Bc4 O-O 15. g4 Rb8 16. Bb3 Bb7 17. Rhg1 Rfc8 18. Ne2 Bc6 19. Ng3 Qb6 20. Nh5 a5
21. g5 f5 22. Nf6+ Kf8 23. Qf4 Qc7 24. Qd4 Rb4 25. Nxh7+ Kg8 26. Nf6+ Kf8 27.
Nh7+ Kg8 28. Nf6+ Kf8 29. Qc5+ Qe7 30. Qc3 Bb7 31. Nh7+ Kg8 32. Nf6+ Kf8 33.
Qe5 a4 34. Bxd5 Bxd5 35. Rxd5 Re4 36. Rc5 Rd8 37. Qc3 Qd6 38. Nxe4 fxe4 39. Rc6
Bxc3 40. Rxd6 Bxb2+ 41. Kxb2 Rxd6 42. Re1 Rb6+ 43. Kc1 Rb4 44. c3 Rc4 45. Kc2
Kg7 46. Rb1 Rc5 47. h4 Rf5 48. Rf1 Rf3 49. c4 e3 50. Kd3 exf2+ 51. Ke2 Rc3 52.
Rxf2 Rxc4 53. h5 Rh4 54. h6+ Kg6 55. Rg2 f6 56. gxf6+ Kxf6 57. a3 Kf5 58. Rf2+
Ke5 59. Rg2 Kf5 60. Rf2+ Kg6 61. Rg2+ Kxh6 62. Rg3 e5 63. Kd3 Rd4+ 64. Kc3 Re4
65. Kd3 1/2-1/2

[Event "Transnational Crown"]
[Site "Montreal CAN"]
[Date "2023.06.11"]
[Round "8.23"]
[White "Demchenko, Svitlana"]
[Black "Dukic, Zachary"]
[Result "1/2-1/2"]
[WhiteElo "2173"]
[BlackElo "2151"]
[PlyCount "54"]
[EventDate "2023.06.06"]
[EventType "swiss"]
[EventRounds "9"]
[EventCountry "CAN"]

1. Nf3 c5 2. g3 Nc6 3. Bg2 g6 4. O-O Bg7 5. d3 d6 6. Nc3 e5 7. e4 Nge7 8. Be3
O-O 9. Qd2 Nd4 10. Ne1 f5 11. f4 fxe4 12. dxe4 Be6 13. Nf3 exf4 14. gxf4 Nec6
15. Kh1 Nxf3 16. Rxf3 Nd4 17. Rg3 Bf7 18. f5 gxf5 19. Bh6 Bg6 20. exf5 Nxf5 21.
Bd5+ Kh8 22. Bxg7+ Kxg7 23. Rh3 Qf6 24. Rg1 Nh4 25. Qe1 Nf5 26. Qd2 Qd4 27. Qg5
Qf6 1/2-1/2

[Event "Transnational Crown"]
[Site "Montreal CAN"]
[Date "2023.06.11"]
[Round "8.24"]
[White "Golubeva, Oksana"]
[Black "Hernandez Moya, Yuleisy"]
[Result "1/2-1/2"]
[WhiteElo "2179"]
[BlackElo "2202"]
[PlyCount "120"]
[EventDate "2023.06.06"]
[EventType "swiss"]
[EventRounds "9"]
[EventCountry "CAN"]

1. Nf3 Nf6 2. c4 c5 3. Nc3 g6 4. e3 Bg7 5. Be2 O-O 6. O-O d6 7. d4 e6 8. b3 b6
9. Bb2 Bb7 10. Qc2 a6 11. Rad1 Qc7 12. Rd2 Nbd7 13. Rfd1 Rfd8 14. Qb1 cxd4 15.
Nxd4 Nc5 16. Bf3 d5 17. b4 Nce4 18. Nxe4 Nxe4 19. Bxe4 dxe4 20. c5 Bd5 21. cxb6
Qxb6 22. a3 a5 23. Ne2 axb4 24. Bxg7 Kxg7 25. axb4 Rab8 26. Rb2 Bc4 27. Rxd8
Qxd8 28. Nd4 Qd5 29. h3 e5 30. Nc2 Bd3 31. Qe1 Bxc2 32. Rxc2 Qb3 33. Qa1 Qxb4
34. Qxe5+ Kg8 35. Kh2 Rd8 36. Rc6 Qb8 37. Rc7 Rd7 38. Rc5 Qxe5+ 39. Rxe5 f5 40.
g4 Rf7 41. Kg3 Kg7 42. gxf5 gxf5 43. Kf4 Kg6 44. Rb5 Rf6 45. h4 h6 46. Rc5 Kh5
47. Rxf5+ Rxf5+ 48. Kxf5 Kxh4 49. Kxe4 Kg4 50. f3+ Kg3 51. f4 h5 52. f5 h4 53.
f6 h3 54. f7 h2 55. f8=Q h1=Q+ 56. Kd3 Qb1+ 57. Kd4 Qb2+ 58. Kc4 Qe2+ 59. Kd4
Qd2+ 60. Ke4 Qc2+ 1/2-1/2

[Event "Transnational Crown"]
[Site "Montreal CAN"]
[Date "2023.06.11"]
[Round "8.26"]
[White "Liang, Jason"]
[Black "Ouellet, Maili-Jade"]
[Result "1-0"]
[WhiteElo "2527"]
[BlackElo "2243"]
[PlyCount "119"]
[EventDate "2023.06.06"]
[EventType "swiss"]
[EventRounds "9"]
[EventCountry "CAN"]

1. d4 d5 2. Bf4 c5 3. e3 Nc6 4. Nf3 cxd4 5. exd4 Bf5 6. c4 e6 7. c5 Nf6 8. Bb5
Qa5+ 9. Nc3 Ne4 10. Qb3 Nxc3 11. bxc3 f6 12. O-O Be7 13. c4 Rd8 14. Rfe1 O-O
15. cxd5 Rxd5 16. Be3 Qc7 17. Qb2 Rdd8 18. Bd2 Bg4 19. Bc3 Qf4 20. Nd2 Bf5 21.
g3 Qc7 22. Bc4 Qd7 23. Nb3 Rde8 24. Qe2 Nd8 25. Bb5 Nc6 26. g4 Bg6 27. Qxe6+
Qxe6 28. Rxe6 Bf7 29. Re3 a6 30. Bf1 f5 31. Bg2 fxg4 32. d5 Nd8 33. Rae1 Bh4
34. Bd4 Rxe3 35. Bxe3 Bf6 36. Rc1 Re8 37. Na5 Re5 38. c6 bxc6 39. dxc6 Rxa5 40.
c7 Be6 41. Bb6 Rb5 42. Re1 Rxb6 43. Rxe6 Rb1+ 44. Bf1 Nxe6 45. c8=Q+ Kf7 46.
Qd7+ Be7 47. Qd3 Rb4 48. Qxa6 Rb1 49. Kg2 Re1 50. Bc4 Kf6 51. a4 h5 52. Bxe6
Rxe6 53. Qc4 Bd8 54. Qd4+ Ke7 55. Qxg7+ Kd6 56. Qd4+ Ke7 57. Qc5+ Kd7 58. Qxh5
Bb6 59. a5 Ba7 60. Qd5+ 1-0